Catálogo público

Distribución y mantenimiento de drones agrícolas en la zona norte de los Altos de Jalisco/ (Record no. 220812)

MARC details
000 -CABECERA
campo de control de longitud fija 01536nam a2200313 a 4500
003 - IDENTIFICADOR DEL NÚMERO DE CONTROL
campo de control OSt
005 - FECHA Y HORA DE LA ÚLTIMA TRANSACCIÓN
campo de control 20250826121118.0
007 - CAMPO FIJO DE DESCRIPCIÓN FÍSICA--INFORMACIÓN GENERAL
campo de control de longitud fija cr ||||||a|a|a
008 - DATOS DE LONGITUD FIJA--INFORMACIÓN GENERAL
campo de control de longitud fija 250815s2025 mx a|||fom||| 001 0 spa d
040 ## - FUENTE DE LA CATALOGACIÓN
Normas de descripción rda
100 1# - ENTRADA PRINCIPAL--NOMBRE DE PERSONA
Nombre de persona Carrasco Avila, Osvaldo
9 (RLIN) 190925
245 10 - MENCIÓN DE TÍTULO
Título Distribución y mantenimiento de drones agrícolas en la zona norte de los Altos de Jalisco/
Mención de responsabilidad, etc. por Osvaldo Carrasco Avila; director de tesis Gilberto de Jesús López Canteñs; secretario Juan Carlos Olguín Rojas; vocal Francisco Muñoz Gómez; suplente Bonifacio Gaona Ponce; suplente Marco Antonio Rojas Martínez.
264 #1 - PRODUCCIÓN, PUBLICACIÓN, DISTRIBUCIÓN, FABRICACIÓN Y COPYRIGHT
Producción, publicación, distribución, fabricación y copyright Chapingo, México :
Nombre del de productor, editor, distribuidor, fabricante El autor,
Fecha de producción, publicación, distribución, fabricación o copyright 2025.
300 ## - DESCRIPCIÓN FÍSICA
Extensión 1 recurso en línea (62 páginas):
Otras características físicas cuadros, figuras.
336 ## - TIPO DE CONTENIDO
Fuente rdacontent
Término de tipo de contenido texto
Código de tipo de contenido txt
337 ## - TIPO DE MEDIO
Fuente rdamedia
Nombre/término del tipo de medio computadora
Código del tipo de medio c
338 ## - TIPO DE SOPORTE
Fuente rdacarrier
Nombre/término del tipo de soporte recurso en línea
Código del tipo de soporte cr
502 ## - NOTA DE TESIS
Tipo de título Ingeniería Mecánica Agrícola
Nombre de la institución que otorga el título Departamento de Ingeniería Mecánica Agrícola,
Año de obtención del título 2025.
Información miscelánea Licenciatura
504 ## - NOTA DE BIBLIOGRAFÍA, ETC.
Nota de bibliografía, etc. Incluye referencias bibliográficas: páginas 58-62.
650 #4 - PUNTO DE ACCESO ADICIONAL DE MATERIA--TÉRMINO DE MATERIA
Término de materia o nombre geográfico como elemento de entrada Aviones sin piloto
Subdivisión general Evaluación
9 (RLIN) 191119
650 #4 - PUNTO DE ACCESO ADICIONAL DE MATERIA--TÉRMINO DE MATERIA
Término de materia o nombre geográfico como elemento de entrada Aviones sin piloto
Subdivisión general Mantenimiento
9 (RLIN) 191120
700 1# - PUNTO DE ACCESO ADICIONAL--NOMBRE DE PERSONA
Nombre de persona López Canteñs, Gilberto de Jesús
9 (RLIN) 67746
Término indicativo de función/relación director.
700 1# - PUNTO DE ACCESO ADICIONAL--NOMBRE DE PERSONA
Nombre de persona Olguín Rojas, Juan Carlos
9 (RLIN) 185728
Término indicativo de función/relación secretario.
700 1# - PUNTO DE ACCESO ADICIONAL--NOMBRE DE PERSONA
Nombre de persona Muñoz Gómez, Francisco
9 (RLIN) 79600
Término indicativo de función/relación vocal.
700 1# - PUNTO DE ACCESO ADICIONAL--NOMBRE DE PERSONA
Nombre de persona Gaona Ponce, Bonifacio
9 (RLIN) 45572
Término indicativo de función/relación suplente.
700 1# - PUNTO DE ACCESO ADICIONAL--NOMBRE DE PERSONA
Nombre de persona Rojas Martínez, Marco Antonio
9 (RLIN) 99340
Término indicativo de función/relación suplente.
856 ## - LOCALIZACIÓN Y ACCESO ELECTRÓNICOS
Nota pública DESCARGAR PDF
Identificador Uniforme del Recurso http://10.13.5.2/tesis/tl/1710349-3_CARRASCO_AVILA_OSVALDO.pdf
942 ## - ELEMENTOS DE PUNTO DE ACCESO ADICIONAL (KOHA)
Fuente del sistema de clasificación o colocación Clasificación Universidad Autónoma Chapingo
Tipo de ítem Koha Tesis digital
Holdings
Estado de retiro Estado de pérdida Fuente del sistema de clasificación o colocación Estado dañado Restricciones de uso No para préstamo Código de colección Localización permanente Ubicación/localización actual Ubicación en estantería Fecha de adquisición Total de préstamos Signatura topográfica completa Fecha visto por última vez Precio válido a partir de Tipo de ítem Koha
    Clasificación Universidad Autónoma de Chapingo   Préstamo interno   Tesis digitales de Licenciatura Biblioteca Digital Biblioteca Digital En línea 15/08/2025   Tesis digital 15/08/2025 15/08/2025 Tesis digital